00643nam a2200193Ia 4500003000900000008004100009020001800050040001600068080001900084100002600103245012600129260004400255300001000299650004100309650002300350650002300373700002200396700003100418IN-BaIIA211028s9999 xx 000 0 eng d a0-292-75507-0 cIIA Library a083.8:524bSRC aDe Vaucoulers, Gerard 0aSecond Reference Catalogue of Bright GalaxiescGerard de Vaucouleurs, Antoinette de Vaucouleurs and Harold G. Corwin, Jr. aAustinbUniversity of Tokyo Pressc1976 a396p. aAstronomy and Astrophysics Thesaurus aCatalogue-Galaxies aGalaxies Catalogue aCorwin, Harold G. aDe Vaucouleurs, Antoinette